000 00307nam a22001337a 4500
008 170605b xxu||||| |||| 00| 0 eng d
020 _a9780684864150
041 _aeng
080 _a94(7/8)
100 _a18
101 _aSHH
245 _aTHE AFRICAN AMERICAN CENTURY
_cGATES.H.L
942 _2udc
_cBK
999 _c15934
_d15934